| 000 | 00478nam a2200181Ia 4500 | ||
|---|---|---|---|
| 003 | GCL | ||
| 008 | 140319s9999 xx 000 0 eng d | ||
| 040 |
_aGCL / _cGCL |
||
| 082 | 0 | 4 |
_aCC _b932 _bE F |
| 100 | 1 | _aEL-AMMIR , MUSTAFA | |
| 245 | 1 | 0 |
_aA FAMILY ARCHIVE FROM THEBES / _cEL-AMMIR , MUSTAFA |
| 260 |
_a[S.N] : _bANTIQUITIES DEPARTMENT OF EGYPT ، _c1959 |
||
| 300 | _a174 | ||
| 650 | 0 | 4 | _aANCIENT EGYPT |
| 650 | 0 | 4 | _aARCHAEOLOGY |
| 650 | 0 | 4 | _aPAPYRUS |
| 942 |
_2ddc _cBK |
||
| 999 |
_c16917 _d16917 |
||